Hombre - Statistics

General Stats
  • This quiz has been taken 9 times
  • The average score is 3 of 5
Answer Stats
Hint Answer % Correct
Hombre Man
86%
Hermano Brother
71%
Hermana Sister
71%
Mujer Woman
29%
Tomillo Thyme
14%
No matching quizzes found
Score Distribution
Percent of People with Each Score
Percentile by Number Answered
Your Score History
You have not taken this quiz